Algebraické rovnice a ich použitie na analytickú geometriu /
Uložené v:
| Hlavný autor: | |
|---|---|
| Médium: | Kniha |
| Jazyk: | Slovak |
| Vydané: |
Brno :
Nakladatelství Barvič a Novotný,
1932.
|
| Vydanie: | 1. vyd. |
| ISBN: |
(viaz.) |
| Fyzický popis: |
264 s. |
| Tagy: |
Pridať tag
Žiadne tagy, Buďte prvý kto otaguje tento záznam!
|
Titul je dostupný aj v ... 

MARC
| LEADER | 00000nam a2200000 a 4500 | ||
|---|---|---|---|
| 001 | 000096021 | ||
| 005 | 20091015154058.0 | ||
| 008 | 040101s1932 xr e slo e | ||
| 020 | |a (viaz.) | ||
| 040 | |a SVKKK |b slo |c SVKKK |e AACR2 | ||
| 041 | 0 | |a slo | |
| 044 | |a xr |c CZ | ||
| 100 | 1 | |a Hronec, Juraj, |d 1881-1959 |4 aut | |
| 245 | 1 | 0 | |a Algebraické rovnice a ich použitie na analytickú geometriu / |c Jur Hronec. |
| 250 | |a 1. vyd. | ||
| 260 | |a Brno : |b Nakladatelství Barvič a Novotný, |c 1932. | ||
| 300 | |a 264 s. | ||
| 910 | |a svkkk | ||
| 998 | |a BK | ||
| 090 | |g SCKHL |k Sklad Pribinova 2. posch. |a II.211487 |j 512259 |i 2720031355 |s Prezenčne | ||